Kadra reprezentacji Polski na Euro 2024 - Statystyki

Ogólne statystyki
  • Ten quiz został rozwiązany 1 392 razy
  • Średni wynik to 18 z 26
Statystyki odpowiedzi
Pozycja Nazwisko % Poprawnych
Napastnik Lewandowski
97%
Bramkarz Szczęsny
96%
Bramkarz Skorupski
94%
Bramkarz Bułka
91%
Pomocnik Zieliński
90%
Wahadłowy Zalewski
89%
Obrońca Bednarek
86%
Napastnik Buksa
82%
Napastnik Piątek
81%
Obrońca Kiwior
80%
Napastnik Świderski
80%
Pomocnik Szymański
70%
Pomocnik Szymański
70%
Obrońca Dawidowicz
66%
Wahadłowy Frankowski
66%
Pomocnik Urbański
61%
Obrońca Bereszyński
55%
Pomocnik Moder
55%
Wahadłowy Grosicki
51%
Wahadłowy Puchacz
51%
Obrońca Walukiewicz
47%
Obrońca Salamon
45%
Pomocnik Piotrowski
43%
Pomocnik Slisz
41%
Pomocnik Romanczuk
34%
Wahadłowy Skóraś
32%
Nie znaleziono quizów pasujących do podanych kryteriów
Rozkład punktacji
Procent ludzi z każdym wynikiem
Percentyl według liczby udzielonych odpowiedzi
Twoja historia wyników
Nie rozwiązałeś tego quizu